|
|
|
|
| LEADER |
02888nam a22004935i 4500 |
| 001 |
978-3-642-20914-7 |
| 003 |
DE-He213 |
| 005 |
20150520201216.0 |
| 007 |
cr nn 008mamaa |
| 008 |
140221s2011 gw | s |||| 0|eng d |
| 020 |
|
|
|a 9783642209147
|9 978-3-642-20914-7
|
| 024 |
7 |
|
|a 10.1007/978-3-642-20914-7
|2 doi
|
| 040 |
|
|
|d GrThAP
|
| 050 |
|
4 |
|a QD320-327
|
| 072 |
|
7 |
|a PSBF
|2 bicssc
|
| 072 |
|
7 |
|a SCI013040
|2 bisacsh
|
| 082 |
0 |
4 |
|a 547.78
|2 23
|
| 245 |
1 |
0 |
|a Reactivity Tuning in Oligosaccharide Assembly
|h [electronic resource] /
|c edited by Bert Fraser-Reid, J. Cristóbal López.
|
| 264 |
|
1 |
|a Berlin, Heidelberg :
|b Springer Berlin Heidelberg :
|b Imprint: Springer,
|c 2011.
|
| 300 |
|
|
|a XVI, 296 p.
|b online resource.
|
| 336 |
|
|
|a text
|b txt
|2 rdacontent
|
| 337 |
|
|
|a computer
|b c
|2 rdamedia
|
| 338 |
|
|
|a online resource
|b cr
|2 rdacarrier
|
| 347 |
|
|
|a text file
|b PDF
|2 rda
|
| 490 |
1 |
|
|a Topics in Current Chemistry,
|x 0340-1022 ;
|v 301
|
| 505 |
0 |
|
|a Armed–Disarmed Effects in Carbohydrate Chemistry: History, Synthetic and Mechanistic Studies, by Bert Fraser-Reid and J. Cristóbal López: Armed–Disarmed Effects in Carbohydrate Chemistry -- A Survey of Ley’s Reactivity Tuning in Oligosaccharide Synthesis, by Ana M. Gómez -- “Active–Latent” Thioglycosyl Donors and Acceptors in Oligosaccharide Syntheses, by Tze Chieh Shiao and René Roy -- Effect of Electron-Withdrawing Protecting Groups at Remote Positions of Donors on Glycosylation Stereochemistry, by Kwan Soo Kim and Dae-Hwan Suk -- Influence of Protecting Groups on the Reactivity and Selectivity of Glycosylation: Chemistry of the 4,6-O-Benzylidene Protected Mannopyranosyl Donors and Related Species, by Sylvain Aubry, Kaname Sasaki, Indrajeet Sharma and David Crich -- Superarmed and Superdisarmed Building Blocks in Expeditious Oligosaccharide Synthesis, by Hemali D. Premathilake and Alexei V. Demchenko -- Programmable One-Pot Glycosylation, by Chung -Yi Wu and Chi -Huey Wong -- Uronic Acids in Oligosaccharide and Glycoconjugate Synthesis, by Jeroen D. C. Codée, Alphert E. Christina, Marthe T. C. Walvoort, Herman S. Overkleeft and Gijsbert A. van der Marel.-.
|
| 520 |
|
|
|a See Table of Contents (PMP).
|
| 650 |
|
0 |
|a Chemistry.
|
| 650 |
|
0 |
|a Carbohydrates.
|
| 650 |
|
0 |
|a Polymers.
|
| 650 |
|
0 |
|a Biochemistry.
|
| 650 |
1 |
4 |
|a Chemistry.
|
| 650 |
2 |
4 |
|a Carbohydrate Chemistry.
|
| 650 |
2 |
4 |
|a Polymer Sciences.
|
| 650 |
2 |
4 |
|a Biochemistry, general.
|
| 700 |
1 |
|
|a Fraser-Reid, Bert.
|e editor.
|
| 700 |
1 |
|
|a Cristóbal López, J.
|e editor.
|
| 710 |
2 |
|
|a SpringerLink (Online service)
|
| 773 |
0 |
|
|t Springer eBooks
|
| 776 |
0 |
8 |
|i Printed edition:
|z 9783642209130
|
| 830 |
|
0 |
|a Topics in Current Chemistry,
|x 0340-1022 ;
|v 301
|
| 856 |
4 |
0 |
|u http://dx.doi.org/10.1007/978-3-642-20914-7
|z Full Text via HEAL-Link
|
| 912 |
|
|
|a ZDB-2-CMS
|
| 950 |
|
|
|a Chemistry and Materials Science (Springer-11644)
|